Meeting of the ways (Record no. 76594)

MARC details
000 -LEADER
fixed length control field 00830cab a2200181 4500
001 - CONTROL NUMBER
control field ##L132742
008 - FIXED-LENGTH DATA ELEMENTS--GENERAL INFORMATION
fixed length control field 060306n2006 000 0 eng u
035 ## - SYSTEM CONTROL NUMBER
System control number (Sirsi) u132742
041 0# - LANGUAGE CODE
Language code of text/sound track or separate title eng
100 1# - MAIN ENTRY--PERSONAL NAME
Personal name Johnson, Hugh
245 00 - TITLE STATEMENT
Title Meeting of the ways
260 ## - PUBLICATION, DISTRIBUTION, ETC.
Date of publication, distribution, etc. 2006
490 #0 - SERIES STATEMENT
Series statement RICS Building Control
Volume/sequential designation (167) March 2006, 15(1)
520 ## - SUMMARY, ETC.
Summary, etc. Reports that the Victoria Chapter of the Australian Institute of Building Surveyors (AIBS) has recently adopted a new action plan and mission statement, which sets out the goals and objectives of the AIBS in the state building industry. Outlines the key strategies contained in the action plan, which are broadly similar to the aims and objectives of the RICS Building Control Forum.
651 #4 - SUBJECT ADDED ENTRY--GEOGRAPHIC NAME
Geographic name AUSTRALIA
690 ## - LOCAL SUBJECT ADDED ENTRY--TOPICAL TERM (OCLC, RLIN)
Topical term or geographic name as entry element BUILT ENVIRONMENT-BUILDING INSPECTION
942 ## - ADDED ENTRY ELEMENTS (KOHA)
Suppress in OPAC 0
Holdings
Withdrawn status Lost status Source of classification or shelving scheme Damaged status Not for loan Home library Current library Shelving location Date acquired Total Checkouts Full call number Barcode Date last seen Copy number Price effective from Koha item type
    Dewey Decimal Classification     London London Journal article 06/03/2006   L132742 132742-1001 06/08/2019 1 06/08/2019 Journal article